000
00192 a2200097 4500
020
_a
9788423312474
041
_a
spa
100
_a
Gaban,Jesus
245
_a
El Payaso y la Princesa
942
_c
BK
999
_c
31731
_d
31729